[Event "AUTO-OPEN-1889"]
[Site "http://www.queenalice.com/game.php?id=735823"]
[Date "2010.2.22"]
[Round "1"]
[White "silva1995"]
[Black "razoman"]
[Result "1-0"]
[WhiteElo "2108"]
[BlackElo "1915"]

1. Nf3 d5 2. e3 Nf6 3. d4 e6 4. Bd3 c5 5. O-O c4 6. Be2 Be7 7. b3 b5 8. a4 b4 9.
bxc4 a5 10. c5 O-O 11. Bb5 Ba6 12. Qd3 Qc8 13. Nbd2 Nc6 14. Bb2 Qb7 15. c4 dxc4
16. Qxc4 Rfc8 17. e4 h6 18. Rfe1 Nd7 19. Nb3 Ndb8 20. d5 Nd8 21. c6 Ndxc6 22.
dxc6 Nxc6 23. Bxa6 Rxa6 24. Rac1 Rb6 25. Ne5 Na7 26. Qd4 Rd8 27. Qe3 Qa6 28.
Nxa5 Qxa5 29. Nc4 Qh5 30. Nxb6 Bg5 31. f4 Bh4 32. g3 Be7 33. e5 Qf5 34. Rc7 Rd3
35. Qf2 Bd8 36. Rxa7 Bxb6 37. Qxb6 b3 38. a5 Qh3 39. Ra8+ Kh7 40. Rd8 Rxg3+ 41.
hxg3 Qxg3+ 42. Kf1 Qh3+ 43. Ke2 Qg4+ 44. Kd3 Qg3+ 45. Qe3 Qh4 46. Qe4+ g6 47.
Qa8 g5 48. Rh8+ Kg6 49. Qg8+ 1-0

[Event "AUTO-OPEN-1889"]
[Site "http://www.queenalice.com/game.php?id=735824"]
[Date "2010.2.22"]
[Round "1"]
[White "razoman"]
[Black "silva1995"]
[Result "0-1"]
[WhiteElo "1890"]
[BlackElo "2099"]

1. e4 c5 2. Bc4 Nc6 3. Bd5 Nf6 4. Bxc6 dxc6 5. d3 e5 6. h3 c4 7. Nf3 Bb4+ 8. Nc3
Qe7 9. O-O O-O 10. Ne2 Rd8 11. Bg5 h6 12. Bh4 g5 13. Bg3 Nxe4 14. Bxe5 g4 15.
hxg4 Bxg4 16. Ned4 f6 17. dxe4 fxe5 18. Nf5 Bxf5 19. Qe2 Be6 20. Nxe5 Rd2 21.
Qf3 Rf8 22. Qg3+ Qg5 23. Qxg5+ hxg5 24. c3 Bd6 25. Nf3 Rxb2 26. Nxg5 Bd7 27.
Rad1 Bf4 28. Rxd7 Bxg5 29. a4 Rf7 30. Rxf7 Kxf7 31. f4 Bh4 32. e5 Bg3 0-1

[Event "AUTO-MASTER-1077"]
[Site "http://www.queenalice.com/game.php?id=750944"]
[Date "2010.3.24"]
[Round "1"]
[White "m_2788"]
[Black "silva1995"]
[Result "0-1"]
[WhiteElo "2071"]
[BlackElo "2119"]

1. d4 Nf6 2. c4 e6 3. Nc3 Bb4 4. Qc2 Nc6 5. Nf3 O-O 6. e4 d5 7. cxd5 exd5 8.
exd5 Nxd5 9. Be3 Re8 10. Kd2 Bg4 11. Bd3 Bxf3 12. gxf3 Nxe3 13. fxe3 Qg5 14.
Bxh7+ Kh8 15. Be4 Nxd4 16. Rag1 Nxf3+ 0-1

[Event "AUTO-MASTER-1077"]
[Site "http://www.queenalice.com/game.php?id=750945"]
[Date "2010.3.24"]
[Round "1"]
[White "silva1995"]
[Black "m_2788"]
[Result "1-0"]
[WhiteElo "2130"]
[BlackElo "2080"]

1. d4 Nf6 2. c4 e5 3. dxe5 Ng4 4. Qd5 Nc6 5. Nf3 f6 6. exf6 Nxf6 7. Qd3 Bb4+ 8.
Nc3 Qe7 9. Bg5 O-O 10. O-O-O d6 11. Nd5 Qf7 12. Bxf6 gxf6 13. Qe4 Ba5 14. e3 Ne5
15. Nxe5 fxe5 16. Bd3 Kh8 17. f4 c6 18. Nf6 Bc7 19. fxe5 d5 20. Qh4 Bxe5 21.
Nxh7 Kg8 22. Rhf1 Qxf1 23. Rxf1 1-0

[Event "AUTO-MASTER-1077"]
[Site "http://www.queenalice.com/game.php?id=750956"]
[Date "2010.3.24"]
[Round "1"]
[White "ezekiel4a21"]
[Black "silva1995"]
[Result "1-0"]
[WhiteElo "2368"]
[BlackElo "2135"]

1. e4 Nc6 2. d4 d5 3. e5 Bf5 4. Nf3 e6 5. c3 Nge7 6. Nh4 f6 7. exf6 gxf6 8. Nxf5
Nxf5 9. Qh5+ Kd7 10. Bf4 Qe8 11. Qh3 Qg6 12. Bd3 Rg8 13. Nd2 Qxg2 14. Qxg2 Rxg2
15. Bg3 Nd6 16. Bxh7 e5 17. Nb3 Nc4 18. Bf5+ Kd6 19. O-O-O Bh6+ 20. Kb1 Bf4 21.
Bh3 Bxg3 22. Bxg2 Bxf2 23. dxe5+ fxe5 24. Rxd5+ Ke7 25. h4 Rg8 26. Bh3 Nb8 27.
Bf1 c6 28. Rd1 Ne3 29. Rd2 Bg3 30. h5 Bf4 31. Re2 Nd7 32. Bh3 1-0

[Event "AUTO-MASTER-1077"]
[Site "http://www.queenalice.com/game.php?id=750957"]
[Date "2010.3.24"]
[Round "1"]
[White "silva1995"]
[Black "ezekiel4a21"]
[Result "0-1"]
[WhiteElo "2140"]
[BlackElo "2363"]

1. d4 d5 2. c4 e6 3. cxd5 exd5 4. Nc3 c6 5. Nf3 Bf5 6. Bf4 Qb6 7. Na4 Bb4+ 8.
Bd2 Qa5 9. Nc3 Nf6 10. e3 Qc7 11. Nh4 Be6 12. Bd3 O-O 13. O-O Nbd7 14. h3 Bd6
15. Rc1 a6 16. Nf5 Bxf5 17. Bxf5 Rfe8 18. Re1 Nf8 19. e4 g6 20. e5 gxf5 21. exd6
Rxe1+ 22. Bxe1 Qxd6 23. Qf3 Qe6 24. Qd3 Ne4 25. f3 Nd6 26. Bg3 Rd8 27. Re1 Qf6
28. Be5 Qg6 29. Ne2 Nc4 30. Bh2 Ne6 31. Nf4 Qh6 0-1

[Event "AUTO-MASTER-1077"]
[Site "http://www.queenalice.com/game.php?id=750964"]
[Date "2010.3.24"]
[Round "1"]
[White "silva1995"]
[Black "capaputi"]
[Result "0-1"]
[WhiteElo "2123"]
[BlackElo "2187"]

1. d4 Nf6 2. c4 c5 3. d5 g6 4. Nc3 Bg7 5. e4 d6 6. Nf3 a6 7. h3 O-O 8. Bd3 b5 9.
O-O b4 10. Ne2 Nbd7 11. a3 bxa3 12. Rxa3 Rb8 13. Nc3 Nh5 14. Be2 Nhf6 15. Qc2
Ne8 16. Be3 Ne5 17. Nd2 Rb4 18. f4 Nd7 19. Nf3 Qc7 20. b3 Qb8 21. Rfa1 Nc7 22.
Bd3 e6 23. dxe6 fxe6 24. Rd1 e5 25. f5 gxf5 26. exf5 Nf6 27. Ng5 Bd7 28. Nge4
Nce8 29. g4 Bc6 30. Nxf6+ Nxf6 31. g5 e4 32. Bf1 Nd7 33. Rxd6 Qxd6 34. Rxa6 Qg3+
0-1

[Event "AUTO-MASTER-1077"]
[Site "http://www.queenalice.com/game.php?id=750965"]
[Date "2010.3.24"]
[Round "1"]
[White "capaputi"]
[Black "silva1995"]
[Result "1-0"]
[WhiteElo "2226"]
[BlackElo "2113"]

1. c4 Nf6 2. Nc3 c5 3. Nf3 g6 4. e4 Nc6 5. d4 cxd4 6. Nxd4 d6 7. Be2 Nxd4 8.
Qxd4 Bg7 9. O-O O-O 10. Bg5 h6 11. Bh4 Be6 12. Qd2 Rc8 13. b3 Qa5 14. Rac1 Rfe8
15. Rfd1 Nd7 16. Nd5 Qxd2 17. Rxd2 g5 18. Bg3 Nf6 19. f3 b6 20. Rcd1 Nxd5 21.
exd5 Bd7 22. Bd3 Rc7 23. Bf2 Be5 24. Be3 e6 25. Bf2 exd5 26. cxd5 Bf4 27. Rb2
Kg7 28. Bd4+ Be5 29. Bxe5+ Rxe5 30. Bc4 b5 31. Bf1 Rc5 32. Rbd2 h5 33. Kf2 a5
34. a3 g4 35. f4 1-0

[Event "AUTO-ADV-1614"]
[Site "http://www.queenalice.com/game.php?id=762032"]
[Date "2010.4.16"]
[Round "2"]
[White "silva1995"]
[Black "ezekiel4a21"]
[Result "0-1"]
[WhiteElo "2125"]
[BlackElo "2378"]

1. d4 Nf6 2. Nc3 e6 3. g3 d5 4. Nf3 c5 5. Bg2 cxd4 6. Nxd4 Bb4 7. O-O Bxc3 8.
bxc3 O-O 9. Ba3 Re8 10. Rb1 Qa5 11. Rb3 Bd7 12. f4 a6 13. Bd6 b5 14. Qd2 Nc6 15.
Nxc6 Bxc6 16. Ra3 Qb6+ 17. Qd4 Nd7 18. e3 Qb7 19. Rb3 Nb6 20. Bc5 Nc4 21. Bf3 e5
22. fxe5 Rxe5 23. Qd3 Rae8 24. Bd4 R5e7 0-1

[Event "AUTO-ADV-1614"]
[Site "http://www.queenalice.com/game.php?id=762033"]
[Date "2010.4.16"]
[Round "2"]
[White "ezekiel4a21"]
[Black "silva1995"]
[Result "1-0"]
[WhiteElo "2373"]
[BlackElo "2130"]

1. e4 e5 2. Nf3 Nc6 3. Bc4 Bc5 4. Nc3 Nf6 5. O-O O-O 6. d3 d6 7. Na4 Bb6 8. Nxb6
axb6 9. c3 Qe7 10. Bg5 h6 11. Bh4 Rd8 12. Nd2 Be6 13. Qf3 g5 14. Bg3 d5 15. exd5
Bxd5 16. Bxd5 Rxd5 17. Rfe1 Qd8 18. Re3 h5 19. h3 h4 20. Bh2 Rda5 21. Nc4 Rxa2
22. Rae1 Nd5 23. R3e2 f6 24. Qh5 Qe8 25. Qxe8+ 1-0

[Event "AUTO-ADV-1614"]
[Site "http://www.queenalice.com/game.php?id=762034"]
[Date "2010.4.16"]
[Round "2"]
[White "silva1995"]
[Black "Nephi_R"]
[Result "1-0"]
[WhiteElo "2122"]
[BlackElo "1553"]

1. d4 Nf6 2. Nf3 c5 3. d5 d6 4. Nc3 g6 5. e4 Bg7 6. Be2 a6 7. a4 b6 8. O-O O-O
9. h3 Nbd7 10. Be3 Ne8 11. Ra3 Rb8 12. Rb3 Nc7 13. Ng5 h6 14. Nf3 1-0

[Event "AUTO-ADV-1614"]
[Site "http://www.queenalice.com/game.php?id=762035"]
[Date "2010.4.16"]
[Round "2"]
[White "Nephi_R"]
[Black "silva1995"]
[Result "0-1"]
[WhiteElo "1555"]
[BlackElo "2121"]

1. e4 e5 2. Nf3 Nc6 3. d4 exd4 4. Nxd4 Nf6 5. Nc3 Bb4 6. f3 O-O 7. Be2 d5 8.
Nxc6 bxc6 9. Bd2 dxe4 10. Nxe4 Nxe4 11. fxe4 Qh4+ 12. g3 Qxe4 13. Bxb4 Qxh1+ 14.
Kd2 Qd5+ 0-1